000 00656nam a22002177a 4500
999 _c9107
_d9107
001 9107
003 OSt
005 20180308140443.0
008 180308b1987 bg ||||| |||| 00| 0 ben d
035 _a(BD-JhCC)9107
040 _aBD-JhCC
_dBD-JhCC
041 _aben
082 _a928
_bJAH 1987
100 _aজাহাঙ্গীর, মুহাম্মদ
245 _aমোহাম্মদ আকরাম খা /
_cমুহাম্মদ জাহাঙ্গীর
260 _aঢাকা:
_bবাংলা একাডেমী
_c1987.
300 _a42 p. :
_c20 cm.
650 _aAutoBiography
942 _2ddc
_cBK